White Devi / (Record no. 11453)
[ view plain ]
| 000 -LEADER | |
|---|---|
| fixed length control field | 00319cam a2200133ua 4500 |
| 041 ## - LANGUAGE CODE | |
| Language code of text/sound track or separate title | eng |
| 082 ## - DEWEY DECIMAL CLASSIFICATION NUMBER | |
| Classification number | 822 |
| Item number | WEB/WH |
| 100 ## - MAIN ENTRY--AUTHOR NAME | |
| Personal name | Webster, John . |
| 245 ## - TITLE STATEMENT | |
| Title | White Devi / |
| 260 ## - PUBLICATION, DISTRIBUTION, ETC. (IMPRINT) | |
| Place of publication | London : |
| Name of publisher | Chatto & Windows , |
| Year of publication | 1958. |
| 300 ## - PHYSICAL DESCRIPTION | |
| Number of Pages | 224 ; . |
No items available.
